00900nas a2200301Ia 4500001000400000003001000004005001700014008004100031037001300072040004600085041001300131245004500144260001500189264002500204300002400229310002000253336002200273337001900295338000600314362000900320546002400329650002700353773004100380810001200421942001500433952013300448999001700581113CO-MdFUSB20170407155518.0151030s9999 c 000 0 s d bComfama  aCO-MdFUSBbspacCO-MdFUSBdCO-MdFUSBerda aspahspa10aCuadernos de pensamiento socialcComfama aMedellín aColombia :b COMFAMA aNúmero 10c27 cm. aNo aplicab2009 2rdacontenta1ba1 2rdamediaa2b5 a2 a2009 aTexto en español  vPublicaciones seriadas dMedellín Colombia : Comfama, 2009. hRevista cCR2ddca2 001040708HEM961413aFUSBCbFUSBCcREVd2010-06-23hNúmero 10, (2009)l0o pR1507r2019-12-12 00:00:00tEj. 1yCRIINV2023 c49502d49502